Journal of electrical and electronics engineering (Record no. 44057)
[ view plain ]
| 000 -LEADER | |
|---|---|
| fixed length control field | 00387nam a2200145Ia 4500 |
| 022 ## - INTERNATIONAL STANDARD SERIAL NUMBER | |
| ISSN | 2834-4928 |
| 050 ## - CALL MARK | |
| Classification number | TK1 .J78/ |
| 245 #0 - TITLE STATEMENT | |
| Title | Journal of electrical and electronics engineering |
| 250 ## - EDITION / VOLUME STATEMENT | |
| Edition / Volume statement | Vol. 4, No. 1 |
| 260 ## - PUBLICATION, DISTRIBUTION, ETC. (IMPRINT) | |
| Year of publication | 2025 |
| 300 ## - PHYSICAL DESCRIPTION | |
| Number of Pages | :ill. ; 30 cm. |
| 650 ## - SUBJECT ADDED ENTRY--TOPICAL TERM | |
| Topical Term | Electrical engineering--Periodicals<br/>Electronics--Periodicals |
| 942 ## - ADDED ENTRY ELEMENTS (KOHA) | |
| Koha item type | Serials |
| Source of classification | Library of Congress Classification |
No items available.